Latin Words #3 - Statistics

General Stats
  • This quiz has been taken 83,411 times
  • The average score is 12 of 21
Answer Stats
Latin English % Correct
Amor Love
98%
Homo Human
85%
Liber Free / Book
83%
Primus First
80%
Veritas Truth
73%
Tempus Time
67%
Sanguis Blood
66%
Argentum Silver
66%
Draco Dragon
61%
Culpa Fault
58%
Fortis Strong
58%
Ergo Therefore
56%
Semper Always
55%
Altus High
50%
Domus Home
50%
Borealis Northern
47%
Ave Hail
43%
Incognita Unknown
43%
Cygnus Swan
40%
Vulpes Fox
37%
Lex Law
35%
No matching quizzes found
Score Distribution
Percent of People with Each Score
Percentile by Number Answered
Your Score History
You have not taken this quiz